Phong thủy với tình yêu, hôn nhân & kinh doanh

Sách cung cấp những phương pháp để con người phân tích, phán đoán, chọn lọc, tránh điều xấu, tìm điều tốt....giải thích hoặc hóa giải những mối liên quan, gần gũi hàng ngày, sách cần thiết cho những người đang yêu, muốn thành công trong ngh...

全面介紹

Đã lưu trong:
書目詳細資料
格式: 圖書
語言:Undetermined
出版: Thanh Hóa Nhà xuất bản Thanh Hóa 2007
主題:
標簽: 添加標簽
沒有標簽, 成為第一個標記此記錄!
Thư viện lưu trữ: Trung tâm Học liệu Trường Đại học Cần Thơ
LEADER 01088nam a2200205Ia 4500
001 CTU_134325
008 210402s9999 xx 000 0 und d
020 |c 18000 
082 |a 133.333 
082 |b Ph431 
245 0 |a Phong thủy với tình yêu, hôn nhân & kinh doanh 
245 0 |c Đông A Sáng biên dịch; Nguyễn Văn Chinh hiệu đính 
260 |a Thanh Hóa 
260 |b Nhà xuất bản Thanh Hóa 
260 |c 2007 
520 |a Sách cung cấp những phương pháp để con người phân tích, phán đoán, chọn lọc, tránh điều xấu, tìm điều tốt....giải thích hoặc hóa giải những mối liên quan, gần gũi hàng ngày, sách cần thiết cho những người đang yêu, muốn thành công trong nghề nghiệp và thăng tiến trong sự nghiệp tham khảo. 
650 |a Feng-shui,Thuật Phong thủy 
650 |x Philosophy, chinese 
904 |i Trọng Hải 
980 |a Trung tâm Học liệu Trường Đại học Cần Thơ